CHILI : (Registro nro. 57568)
[ vista simple ]
| 000 -LEADER | |
|---|---|
| fixed length control field | 00800nam a2200193 a 4500 |
| 001 - CONTROL NUMBER | |
| control field | 57568 |
| 005 - DATE AND TIME OF LATEST TRANSACTION | |
| control field | 20180714053816.0 |
| 008 - FIXED-LENGTH DATA ELEMENTS--GENERAL INFORMATION | |
| fixed length control field | 140415s2011 mx 000 0 eng d |
| 020 ## - INTERNATIONAL STANDARD BOOK NUMBER | |
| International Standard Book Number | 9786078172023 |
| 041 ## - LANGUAGE CODE | |
| Language code of text/sound track or separate title | eng |
| 082 ## - DEWEY DECIMAL CLASSIFICATION NUMBER | |
| Classification number | 641.6384 |
| Item number | CHI |
| 245 00 - TITLE STATEMENT | |
| Title | CHILI : |
| Remainder of title | A KEY FEATURE OF INDEPENDENCE AND THE REVOLUTION |
| 250 ## - EDITION STATEMENT | |
| Edition statement | 1a ed. |
| 260 ## - PUBLICATION, DISTRIBUTION, ETC. | |
| Place of publication, distribution, etc. | MEXICO : |
| Name of publisher, distributor, etc. | FUNDACION HERDEZ A.C., |
| Date of publication, distribution, etc. | 2011 |
| 300 ## - PHYSICAL DESCRIPTION | |
| Extent | 539 |
| Dimensions | 18 x 1 x 17.8 |
| 490 ## - SERIES STATEMENT | |
| Series statement | COL.PUEBLA |
| 520 ## - SUMMARY, ETC. | |
| Summary, etc. | IN ORDER TO CELEBRATE THE BICENTENNIAL OF INDEPENDENCE AND THE CENTENNIAL OF THE MEXICAN REVOLUTION, THE HERDEZ FOUNDATION ORGANIZED A SERIES OF LECTURES ON CHILLI. A KEY FEACTURE OF INDEPENDENCE AND THE REVOLUTION THE TEXTS OF WHICH ARE INCLUDED IN THIS REPORT. |
| 650 14 - SUBJECT ADDED ENTRY--TOPICAL TERM | |
| Topical term or geographic name entry element | AJI |
| General subdivision | MEXICO |
| -- | HISTORIA |
| -- | AJI |
| -- | COCINA |
| Withdrawn status | Lost status | Source of classification or shelving scheme | Damaged status | Not for loan | Collection code | Home library | Current library | Shelving location | Date acquired | Source of acquisition | Inventory number | Total Checkouts | Full call number | Barcode | Date last seen | Price effective from | Koha item type |
|---|---|---|---|---|---|---|---|---|---|---|---|---|---|---|---|---|---|
| Dewey Decimal Classification | General | Biblioteca Karol Wojtyla | Biblioteca Karol Wojtyla | Sala general | 03/12/2013 | Compra | 151000000000000000009503 | 641.6384 CHI | 87031 | 05/01/2026 | 03/12/2013 | Libro |